| 000 | 00402nam a22001217a 4500 | ||
|---|---|---|---|
| 999 |
_c847 _d847 |
||
| 005 | 20200819111523.0 | ||
| 008 | 200819b ||||| |||| 00| 0 eng d | ||
| 020 | _a9982000714 | ||
| 040 | _cCML | ||
| 245 |
_aEducation Development in Northern Rhodesia 1883-1945. _cSnelson, P. |
||
| 260 |
_aZambia _bNational Educatinal Company of Zambia _c1874 |
||
| 942 |
_2ddc _cBK _esecond Edition _h370 _mSNE |
||